| 000 | 00000cam 2200000za 4500 |
| 001 | 9.856641 |
| 003 | CaOODSP |
| 005 | 20221107155558 |
| 007 | cr ||||||||||| |
| 008 | 180515s1989 onca #o f00| 0 fre d |
| 040 | |aCaOODSP|bfre |
| 043 | |an-cn---|an-cn-qu |
| 086 | 1 |aCW69-1/67F-PDF |
| 245 | 00|aÉtude des effets de l'acidification sur la faune aquatique au Canada |h[ressource électronique] : |bles oiseaux lacustres et leurs habitats au Québec / |cdirigé par Jean-Luc DesGranges. |
| 260 | |a[Ottawa] : |bService canadien de la faune, |cc1989. |
| 300 | |a73 p. : |bill. |
| 490 | 1 |aPublication hors-série ; |vn° 67 |
| 500 | |aÉdition numérisée de l’imprimé [par Environnement et Changement climatique Canada]. |
| 500 | |aPublié aussi en anglais sous le titre : Studies of the effects of acidification on aquatic wildlife in Canada : lacustrine birds and their habitats in Quebec. |
| 504 | |aComprend des références bibliographiques. |
| 520 | |a« Le présent rapport contient les résultats de recherches effectuées dans le cadre du programme fédéral sur le TGDPA (transport à grande distance des polluants atmosphériques), auquel participent les ministères suivants : Agriculture Canada, Pêches et Océans Canada, Energie, Mines et Ressources Canada, Santé et Bien-être social Canada, et Environnement Canada »--Avant-propos. |
| 692 | 07|2gccst|aOiseau aquatique |
| 692 | 07|2gccst|aÉcologie |
| 692 | 07|2gccst|aHabitat |
| 692 | 07|2gccst|aPluies acides |
| 700 | 1 |aDesGranges, Jean-Luc. |
| 710 | 1 |aCanada. |bEnvironnement Canada. |
| 710 | 2 |aService canadien de la faune. |
| 775 | 08|tStudies of the effects of acidification on aquatic wildlife in Canada |w(CaOODSP)9.855946 |
| 830 | #0|aPublication hors-série (Service canadien de la faune)|vn° 67|w(CaOODSP)9.501188 |
| 856 | 40|qPDF|s5.90 Mo|uhttps://publications.gc.ca/collections/collection_2018/eccc/CW69-1-67-fra.pdf |